| Tag |
First Indicator |
Second Indicator |
Subfields |
| LEADER |
00000cam a2200000 4500 |
| 001 |
in00000054270 |
| 005 |
20151008052012.0 |
| 008 |
780912c19501892enk 00010 enge |
| 010 |
|
|
|a 08009915
|
| 035 |
|
|
|a (OCoLC)04218165
|
| 035 |
|
|
|9 AAH1165AM
|
| 040 |
|
|
|a DLC
|c LUU
|d TXA
|d UtOrBLW
|
| 041 |
1 |
|
|a eng
|a ger
|
| 049 |
|
|
|a TXAM
|c [175459]
|
| 050 |
|
0 |
|a HD8389
|b .E52
|
| 092 |
|
|
|a 331.8
|b E57c
|
| 100 |
1 |
|
|a Engels, Friedrich,
|d 1820-1895.
|
| 245 |
1 |
4 |
|a The condition of the working-class in England in 1844 /
|c with preface written in 1892, by Frederick Engels. Tr. by Florence Kelley Wischnewtzky.
|
| 264 |
|
1 |
|a London :
|b S. Sonnenschein & co.,
|c 1950 [1892]
|
| 300 |
|
|
|a xix, 298 pages, 2 unnumbered pages ;
|c 19 cm.
|
| 336 |
|
|
|a text
|b txt
|2 rdacontent
|
| 337 |
|
|
|a unmediated
|b n
|2 rdamedia
|
| 338 |
|
|
|a volume
|b nc
|2 rdacarrier
|
| 490 |
0 |
|
|a Social science series. Double volume, no. 3
|
| 650 |
|
0 |
|a Working class
|z Great Britain.
|
| 651 |
|
0 |
|a Great Britain
|x Economic conditions.
|
| 650 |
|
0 |
|a Labor movement
|z Great Britain.
|
| 650 |
|
0 |
|a Labor
|z Great Britain.
|
| 700 |
1 |
|
|a Kelley, Florence,
|d 1859-1932.
|
| 999 |
|
|
|a MARS
|
| 999 |
f |
f |
|s c5fac45b-4cc4-3854-a114-fe446239a535
|i 9221e0e7-1285-3094-92dc-e541f7d0d522
|t 0
|
| 952 |
f |
f |
|p ric
|a Texas A&M University
|b Rellis Campus
|c Joint Library Facility
|d Remote Storage
|t 0
|e HD8389 .E52
|h Library of Congress classification
|i unmediated -- volume
|m A14800721166
|
| 998 |
f |
f |
|a HD8389 .E52
|t 0
|l Remote Storage
|